000 00804nam a2200265 a 4500
001 BRL_338
005 20190320210708.0
008 300713s1988----mx-a######---#000-0#eng-#
020 _a968498037X
041 _aeng
044 _amx
050 4 _aGT4995
_b.D39 1988
245 1 0 _aThe Days of the Dead
_ba mexican tradition
_cEfraín Cortés Ruíz ... [et al.].
260 _aMéxico
_bGV Editores
_c1988
300 _a48 p.
_bil. a color
_c27 cm.
500 _aVer no. de sistema 314 (ed. en español)
500 _aAu337
504 _aBibliografía : p. 47-48
650 1 4 _aDía de muertos
_zMéxico
_923597
650 1 4 _aDía de todos los santos
_zMéxico
_95138
651 4 _aMéxico
_xVida social y costumbres
_9769
700 1 _aCortés Ruíz, Efraín
_923525
902 _aGRL
942 _2lcc
_cB
999 _c9151
_d9151